000 01015nam a22002297a 4500
999 _c20253
_d20253
003 AR-CdUCM
008 190528b ||||| |||| 00| 0 spa d
040 _aMUNICIPALIDAD PROVINCIAL DEL CUSCO
_cBIBLIOTECA MUNICIPAL DEL CUSCO
041 _heng
082 _a671.33 /
_bP25
100 _aPaquin, J. R.
_942327
245 _aDiseño de matrices :
_bUna introducción, paso a paso, al diseño de matrices de estampado, incluyendo material, punzones, armazones, topes, placas expulsoras, reglas, pilotos y prensas /
260 _aBarcelona :
_bMontaner y simon,
_c1966.
300 _a261 páginas ;
_bIlustraciones,
_c29 cm.
505 _aContenido: Introducción al diseño de matrices -- La pieza recortada -- Catorce operaciones para diseñar una matriz...
650 _aMatrices
_940714
650 _aMatrices de ensamblar
_942328
650 _aPlacas portapunzones
_942329
700 _aIbánez Morlán, Luis (traductor), Jornet Parrot, Enrique (revisión)
_942330
942 _2ddc
_cLIBROS
945 _aAndy